[Event "Reykjavik op"]
[Site "Reykjavik"]
[Date "1993.??.??"]
[Round "6"]
[White "Stangl, Markus"]
[Black "Gretarsson, Andri A"]
[Result "1-0"]
[WhiteElo "2505"]
[BlackElo "2310"]

1.Nf3 Nf6 2.c4 g6 3.d4 Bg7 4.g3 O-O 5.Bg2 d6 6.O-O Nc6 7.Nc3 Bg4 8.d5 Na5
9.Nd2 c5 10.Qc2 a6 11.b3 Rb8 12.h3 Bd7 13.Bb2 b5 14.Rab1 Qc7 15.e4 e6 16.Nd1 bxc4
17.bxc4 exd5 18.cxd5 Rfe8 19.Ne3 Rb4 20.Bc3 Ba4 21.Qc1 Rxb1 22.Qxb1 Nd7 23.Qa1 Bxc3
24.Qxc3 f6 25.Rb1 Kg7 26.Bf1 Rb8 27.Rxb8 Nxb8 28.Ng4 Nd7 29.Bxa6 Qb6 30.Bc8 Qb4
31.Qc1 h5 32.a3 Qb8 33.Bxd7 Bxd7 34.Nxf6 Kxf6 35.Qc3+ Kf7 36.Qxa5 Bxh3 37.Kh2 Bg4
38.Qc3 Qd8 39.Nc4 Bc8 40.e5 dxe5 41.Nxe5+ Kg7 42.Qxc5 h4 43.Qa7+ Kf6 44.Qd4 hxg3+
45.fxg3 Qh8+ 46.Kg1 Qe8 47.Ng4+ Kf7 48.Ne5+ Kf6 49.Nc4+ Ke7 50.Qe5+ Kd8 51.Qxe8+ Kxe8
52.Nd6+ Kd7 53.Nxc8 Kxc8 54.a4 Kc7 55.a5 Kb7 56.d6 Kc6 57.a6  1-0

[Event "Rishon Le Ziyyon"]
[Site "Rishon Le Ziyyon"]
[Date "1993.??.??"]
[Round "7"]
[White "Birnboim, Nathan"]
[Black "Grivas, Efstratios"]
[Result "1/2-1/2"]
[WhiteElo "2435"]
[BlackElo "2505"]

1.d4 Nf6 2.c4 g6 3.g3 Bg7 4.Bg2 O-O 5.Nf3 d6 6.O-O Nc6 7.Nc3 Bf5 8.Re1 Ne4
9.Nd5 Bd7 10.b3 e6 11.Ne3 f5 12.Bb2 f4 13.Nf1 g5 14.N3d2 Nxd2 15.Qxd2 Rb8
16.d5 Bxb2 17.Qxb2 Ne5 18.Rad1 Qf6 19.Qd4 b6 20.Nd2 Rbe8 21.dxe6 Bxe6 22.Ne4 Qh6
23.f3 g4 24.Rf1 Rf7 25.fxg4 Nxg4 26.h3 fxg3 27.Rxf7 Bxf7 28.Nxg3 Qe3+ 29.Qxe3 Nxe3
30.Be4 Bg6 31.Bf3 a5 32.Kf2 Nf5 33.Bd5+ Kg7 34.Nxf5+ Bxf5 35.Rd4 Rf8 36.Kg3 Rf6
37.h4 Bb1 38.a3 Bc2 39.b4 axb4 40.axb4  1/2-1/2

[Event "Rishon Le Ziyyon"]
[Site "Rishon Le Ziyyon"]
[Date "1993.??.??"]
[Round "11"]
[White "Davies, Nigel R"]
[Black "Grivas, Efstratios"]
[Result "1/2-1/2"]
[WhiteElo "2505"]
[BlackElo "2505"]

1.d4 Nf6 2.c4 g6 3.Nf3 Bg7 4.g3 O-O 5.Bg2 d6 6.O-O Nbd7 7.Nc3 e5 8.e4 h6
9.Rb1 Nh7 10.Be3 Ng5 11.Ne1 Ne6 12.d5 Nd4 13.f4 c5 14.f5 b5 15.Nxb5 Nxb5
16.cxb5 a6 17.fxg6 fxg6 18.Rxf8+ Bxf8 19.bxa6 Rxa6 20.a3 Nb6 21.Qc1 Kh7 22.Bf1 Ra8
23.Nf3 Bd7 24.b3 Rb8 25.Be2 Na8 26.b4 cxb4 27.Rxb4 Rxb4 28.axb4 Qb8 29.Qa3 Be7
30.Qa7 Qxa7 31.Bxa7 Bg4 32.Kf2 Bxf3 33.Kxf3 Bd8 34.h4 Bb6 35.Bb8 Bc7 36.Bxc7 Nxc7
37.Bd1 Kg7 38.Ba4 Na8 39.Be8 Kf6 40.Kg4 Nb6 41.b5 Nc8 42.Bd7 Nb6 43.Be6 Na8
44.Kf3 Nb6 45.Ke3 g5 46.hxg5+ Kxg5 47.Kd3 Kf6 48.Kd2 Ke7 49.Kc3  1/2-1/2

[Event "ROM-chT"]
[Site "ROM"]
[Date "1993.??.??"]
[Round "2"]
[White "Danilov, Vladimir"]
[Black "Giurumia, Sorin"]
[Result "0-1"]
[WhiteElo "2325"]
[BlackElo "2220"]

1.d4 Nf6 2.c4 g6 3.Nf3 Bg7 4.g3 O-O 5.Bg2 d6 6.Nc3 c6 7.O-O Qa5 8.e4 Bg4
9.h3 Bxf3 10.Bxf3 Nfd7 11.a3 c5 12.dxc5 Bxc3 13.bxc3 Nxc5 14.Bh6 Rd8 15.Qd4 Ne6
16.Qe3 Nc6 17.Rfb1 Qc7 18.e5 dxe5 19.Re1 Rac8 20.Bd5 Rd6 21.Qf3 b6 22.Re4 f5
23.Re3 e4 24.Qe2 Ne5 25.Rxe4 fxe4 26.Qxe4 Rxd5 27.Qxd5 Qd6  0-1

[Event "ROM-chT"]
[Site "ROM"]
[Date "1993.??.??"]
[Round "5"]
[White "Abibula, Aytechin"]
[Black "Dinescu, Adrian"]
[Result "1/2-1/2"]
[WhiteElo "2280"]
[BlackElo "2225"]

1.d4 Nf6 2.c4 g6 3.Nf3 Bg7 4.g3 d6 5.Bg2 O-O 6.O-O Nbd7 7.Nc3 e5 8.e4 c6
9.h3 Qa5 10.Re1 exd4 11.Nxd4 Ne5 12.Bf1 Re8 13.Nb3 Qc7 14.f4 Ned7 15.Kh2 Nf8
16.Qd3 Be6 17.Be3 Rad8 18.Rad1 Bc8 19.Bg2 b6 20.Nd4 Bb7 21.b4 Ne6 22.Nb3 Ba6
23.f5 Nf8 24.Bf4 Nh5 25.Ne2 Nxf4 26.Nxf4 b5 27.cxb5 Bxb5 28.Qc2 Ba4 29.f6 Bh6
30.Nd5 Qb7 31.Ne7+ Rxe7 32.fxe7 Qxe7 33.Qc4 Nd7 34.Qa6 Bxb3 35.axb3 Ne5 36.b5 cxb5
37.Qxb5 Rc8 38.Re2 Qg5 39.Qb4 Qh5 40.Rde1 Bf8 41.Qd4 Rb8 42.b4 Rc8 43.Qxa7 Rc3
44.b5 Rb3 45.Qa4 Rxb5 46.Rc2 Rb8 47.Qa2 Qg5 48.Rf2 Rb7 49.Bf1 Rb4 50.Qa3 Rb6
51.Qc3 Rc6 52.Qb3 Rc7 53.Kg2 h5  1/2-1/2

[Event "ROM-chT"]
[Site "ROM"]
[Date "1993.??.??"]
[Round "7"]
[White "Ungureanu, Emil"]
[Black "Popescu, Daniel Dorin"]
[Result "1/2-1/2"]
[WhiteElo "2340"]
[BlackElo "2305"]

1.d4 Nf6 2.c4 g6 3.Nf3 Bg7 4.g3 O-O 5.Bg2 d6 6.O-O Nbd7 7.b3 e5 8.Nc3 Re8
9.e3 c6 10.Bb2 e4 11.Nd2 d5 12.Rc1 Nf8 13.Rc2 Bg4 14.Qc1 Qd7 15.cxd5 cxd5
16.f3 exf3 17.Nxf3 Bxf3 18.Rxf3 Ng4 19.Nd1 Rac8 20.h3 Nf6 21.Nc3 Rc6 22.Rcf2 h5
23.Qf1 N8h7  1/2-1/2

[Event "ROM-chT"]
[Site "ROM"]
[Date "1993.??.??"]
[Round "7"]
[White "Danilov, Vladimir"]
[Black "Istratescu, Andrei"]
[Result "0-1"]
[WhiteElo "2325"]
[BlackElo "2470"]

1.d4 Nf6 2.c4 g6 3.Nf3 Bg7 4.g3 O-O 5.Bg2 d6 6.O-O Nc6 7.Nc3 Rb8 8.h3 a6
9.Be3 Bd7 10.d5 Na5 11.c5 Nc4 12.Bd4 dxc5 13.Bxc5 b6 14.Bd4 c5 15.dxc6 Bxc6
16.b3 Nd6 17.Be5 Qc7 18.Rc1 Qb7 19.Ne1 Rbc8 20.Bxc6 Rxc6 21.Bxf6 exf6 22.Nb1 Rfc8
23.Rxc6 Qxc6 24.Qd3 b5 25.Nc3 Qxc3 26.Qxd6 Qc6 27.Qxc6 Rxc6 28.e4 Bf8 29.Kg2 Rc1
30.Nd3 Rc2 31.Kf3 Rxa2 32.b4 Ra3 33.Ke2 Rc3 34.Ra1 Rc6 35.Ke3 Be7 36.Kd2 Kf8
37.Ke3 Ke8 38.Rd1 Bd6 39.Rd2 h5 40.Rd1 Ke7 41.g4 hxg4 42.hxg4 Ke6 43.Rh1 Rc8
44.f4 Ra8 45.f5+ Ke7 46.fxg6 fxg6 47.Nf4 Bxf4+ 48.Kxf4 Ke6 49.Rc1 Rd8 50.Ke3 Rd6
51.Rc7 g5 52.Rc1 Kd7 53.Rf1 Rc6 54.Rf5 Ke6 55.e5 fxe5 56.Rxg5 Kd5 57.Rf5 Rc3+
58.Kd2 Rc4 59.g5 Rxb4 60.g6 Rg4 61.Rf6 a5 62.Ra6 a4 63.Kc3 b4+ 64.Kc2 Rg2+
65.Kb1 Kc4  0-1

[Event "ROM-chT"]
[Site "ROM"]
[Date "1993.??.??"]
[Round "9"]
[White "Danilov, Vladimir"]
[Black "Ghinda, Mihail Viorel"]
[Result "1-0"]
[WhiteElo "2325"]
[BlackElo "2450"]

1.d4 Nf6 2.c4 g6 3.Nf3 Bg7 4.g3 O-O 5.Bg2 d6 6.Nc3 Nc6 7.O-O Rb8 8.h3 a6
9.Be3 b5 10.Nd2 Bd7 11.cxb5 axb5 12.Rc1 e6 13.Nde4 Ne8 14.d5 exd5 15.Nxd5 h6
16.Qd2 Kh7 17.f4 Ne7 18.Bd4 Bxd4+ 19.Qxd4 Nxd5 20.Qxd5 Be6 21.Qd2 b4 22.b3 f5
23.Nf2 Nf6 24.Rc6 Bd7 25.Rc4 Bb5 26.Rd4 Ne8 27.Rc1 Rb6 28.Rxb4 Qb8 29.a4 Bd7
30.Rxb6 Qxb6 31.Qc3 c5 32.a5 Qa7 33.b4 cxb4 34.Qxb4 Qe3 35.Qc3 Qa7 36.Rd1 Rf7
37.Qb3 Re7 38.Qb6 Ba4 39.Rd4 Bc2 40.Rc4  1-0

[Event "Rostov op"]
[Site "Rostov"]
[Date "1993.??.??"]
[Round "?"]
[White "Tregubov, Pavel V"]
[Black "Kuzmin, Gennadi P"]
[Result "1-0"]
[WhiteElo "2445"]
[BlackElo "2525"]

1.d4 Nf6 2.Nf3 g6 3.c4 Bg7 4.g3 O-O 5.Bg2 d6 6.O-O Nc6 7.Nc3 e5 8.d5 Ne7
9.c5 Bf5 10.cxd6 cxd6 11.Nd2 Qd7 12.Qb3 Bh3 13.e4 Bxg2 14.Kxg2 Rfc8 15.a4 Rc5
16.a5 Rac8 17.Ra4 Nh5 18.f3 Bh6 19.Nc4 Bxc1 20.Rxc1 g5 21.Rb4 g4 22.Nd1 Ng6
23.Nf2 gxf3+ 24.Qxf3 Ng7 25.Ng4 Ne8 26.h4 Rb5 27.Rxb5 Qxb5 28.b3 Qd7 29.h5  1-0

[Event "Sala op"]
[Site "Sala"]
[Date "1993.??.??"]
[Round "5"]
[White "Tibensky, Robert"]
[Black "Ryskin, Alexander"]
[Result "1/2-1/2"]
[WhiteElo "2425"]
[BlackElo "2505"]

1.d4 Nf6 2.Nf3 g6 3.c4 Bg7 4.g3 O-O 5.Bg2 d6 6.O-O Nc6 7.Nc3 a6 8.h3 Bd7
9.Bg5 h6 10.Be3 e6 11.Qc1 Kh7 12.Rd1 Ne7 13.Ne1 Rb8 14.Nc2 b5 15.b3  1/2-1/2

[Event "Sala op"]
[Site "Sala"]
[Date "1993.??.??"]
[Round "7"]
[White "Konopka, Michal"]
[Black "Varavin, Viktor"]
[Result "1/2-1/2"]
[WhiteElo "2380"]
[BlackElo "2460"]

1.Nf3 Nf6 2.c4 d6 3.d4 g6 4.g3 Bg7 5.Bg2 O-O 6.O-O Nbd7 7.Nc3 e5 8.e4 exd4
9.Nxd4 Re8 10.h3 Nc5 11.Re1 h6  1/2-1/2

[Event "Salta"]
[Site "Salta"]
[Date "1993.??.??"]
[Round "3"]
[White "Nardini, Dante"]
[Black "Rodriguez, Alberto2"]
[Result "0-1"]
[WhiteElo "2230"]
[BlackElo "2315"]

1.d4 Nf6 2.Nf3 g6 3.c4 Bg7 4.g3 O-O 5.Bg2 d6 6.O-O Nc6 7.Nc3 Bg4 8.Be3 Qd7
9.Qd2 Rfe8 10.Rfd1 Bh3 11.Bh6 Bh8 12.Rac1 Bxg2 13.Kxg2 Ng4 14.Bf4 Nxd4 15.Nxd4 e5
16.Bxe5 Bxe5 17.e4 Bg7 18.h3 Bh6 19.f4 Nf6 20.Re1 c6 21.Rcd1 Rad8 22.Nf3 Qc7
23.Qd4 Bg7 24.Qxa7 Nd7 25.Qf2 Nc5 26.e5 Ne6 27.exd6 Rxd6 28.Rxd6 Qxd6 29.Ne4 Qb4
30.b3 h6 31.Ne5 Rd8 32.Re2 f5 33.Rd2 fxe4 34.Rxd8+ Nxd8 35.Qd4 Nf7 36.Qxe4 Qd2+
37.Kg1 Qc1+ 38.Kg2 Qb2+ 39.Kf3 Bxe5 40.fxe5 Ng5+  0-1

[Event "ARG-chJ"]
[Site "San Jorge"]
[Date "1993.??.??"]
[Round "3"]
[White "Pereyra Arcija, Diego"]
[Black "Celis, Gustavo"]
[Result "1-0"]
[WhiteElo "2045"]
[BlackElo "2255"]

1.d4 Nf6 2.Nf3 g6 3.g3 Bg7 4.Bg2 O-O 5.c4 d6 6.O-O Nbd7 7.Qc2 e5 8.Rd1 Re8
9.dxe5 dxe5 10.e4 c6 11.h3 Qc7 12.Be3 Bf8 13.c5 b6 14.b4 bxc5 15.bxc5 Qa5
16.Rc1 Ba6 17.Nbd2 Rab8 18.Nb3 Qa3 19.Nfd2 Bb5 20.Bf1 Bxf1 21.Kxf1 Qa6+ 22.Kg2 Rb5
23.Qd3 Qa4 24.f3 Reb8 25.g4 h6 26.h4 R8b7 27.Nc4 Nxc5 28.Nxc5 Rxc5 29.Bxc5 Bxc5
30.a3 Bd4 31.Rab1 Rxb1 32.Rxb1 Nd7 33.Rb4 Nc5 34.Qd2 Qa6 35.Qxh6 Qc8 36.h5 gxh5
37.Nd6 Qd8 38.Nf5 Ne6 39.Rb8  1-0

[Event "ARG-chJ"]
[Site "San Jorge"]
[Date "1993.??.??"]
[Round "4"]
[White "Pereyra Arcija, Diego"]
[Black "Moreno, Javier"]
[Result "1-0"]
[WhiteElo "2045"]
[BlackElo "2170"]

1.d4 Nf6 2.Nf3 g6 3.c4 Bg7 4.g3 O-O 5.Bg2 d6 6.O-O c5 7.Nc3 Nc6 8.d5 Na5
9.Nd2 e6 10.a3 exd5 11.cxd5 Ne8 12.Rb1 Bd7 13.Nde4 b5 14.b4 cxb4 15.axb4 Nc4
16.Qb3 Rc8 17.Nd1 Bf5 18.Ne3 Nxe3 19.Qxe3 Rc4 20.Rb3 Nc7 21.Nc3 a5 22.bxa5 Bc2
23.Nxb5 Bxb3 24.Qxb3 Rc5 25.Na7 Qe8 26.Nc6 Qxe2 27.Qb7 Nb5 28.Be3 Rc2 29.a6 Re8
30.a7 Ra2 31.Bb6 h5 32.Ba5 Nxa7 33.Qxa7 h4 34.Qd7 hxg3 35.hxg3 Re3 36.Qxd6 Kh7
37.Bb6 Rb3 38.Nd4 Bxd4 39.Bxd4 Rd3 40.Qf6  1-0

[Event "San Martin"]
[Site "San Martin"]
[Date "1993.??.??"]
[Round "3"]
[White "Krogius, Nikolai V"]
[Black "Szmetan, Jorge"]
[Result "1/2-1/2"]
[WhiteElo "2465"]
[BlackElo "2415"]

1.d4 Nf6 2.c4 g6 3.Nf3 Bg7 4.g3 O-O 5.Bg2 d6 6.O-O Nbd7 7.Nc3 e5 8.e4 exd4
9.Nxd4 Re8 10.h3 a6 11.Be3 Rb8 12.Qc2 Ne5 13.b3 c5 14.Nde2 b5 15.Rad1 Qe7
16.cxb5 axb5 17.Nf4 b4 18.Ncd5 Nxd5 19.Nxd5 Qa7 20.Rd2 Nc6 21.Bf4 Re6 22.Qd1 Nd4
23.Be3 Nb5 24.Nf4 Nc3 25.Qc2 Rf6 26.Nd5 Re6 27.Nf4 Rf6 28.Nd5  1/2-1/2

[Event "ROM-ch Girls"]
[Site "Singeorz"]
[Date "1993.??.??"]
[Round "?"]
[White "Danilov, Vladimir"]
[Black "Szuhanek, Ranko"]
[Result "1/2-1/2"]
[WhiteElo "2325"]
[BlackElo "2235"]

1.d4 Nf6 2.c4 g6 3.Nf3 Bg7 4.g3 O-O 5.Bg2 d6 6.Nc3 Nbd7 7.O-O e5 8.e4 c6
9.h3 Qb6 10.Re1 Re8 11.d5 Nc5 12.Rb1 cxd5 13.cxd5 a5 14.Be3 Bd7 15.Nd2 Rec8
16.Bf1 Qd8 17.Kg2 Ne8 18.b4 axb4 19.Rxb4 Ra3 20.Nb5 Rxa2 21.Qb1 Ra5 22.Nc4 Rxb5
23.Rxb5 Bxb5 24.Qxb5 Nc7 25.Qb6 Nxe4 26.Qxb7 Nf6 27.Rd1 Nce8 28.Nb6 Rb8 29.Qc6 Bh6
30.Bxh6 Qxb6 31.Be3 Qb3 32.Be2 Kg7 33.Rd3  1/2-1/2

[Event "Sochi"]
[Site "Sochi"]
[Date "1993.??.??"]
[Round "?"]
[White "Tregubov, Pavel V"]
[Black "Petrushin, Alexander I"]
[Result "1/2-1/2"]
[WhiteElo "2475"]
[BlackElo "2410"]

1.d4 Nf6 2.Nf3 g6 3.c4 Bg7 4.g3 O-O 5.Bg2 d6 6.O-O Nbd7 7.Nc3 e5 8.e4 exd4
9.Nxd4 Re8 10.h3 Nc5 11.Re1 a5 12.b3 a4 13.b4 Ncd7 14.Ndb5 Ne5 15.Bg5 Bd7
16.Nd5 Bxb5 17.cxb5 c6 18.bxc6 bxc6 19.Nxf6+ Bxf6 20.Bxf6 Qxf6 21.f4 Nc4
22.Rc1 d5 23.exd5 Ne3 24.Qd2 Nxg2 25.Rxe8+ Rxe8 26.dxc6 Ne3 27.c7 Qb6 28.Rc5 Qb7
29.c8=Q Rxc8 30.Rxc8+ Qxc8 31.Qxe3 Qxh3 32.b5 Qd7 33.Qe2 Qd4+ 34.Kh2 Kf8
35.a3 h5 36.Kh3 Qd7+ 37.Kh4 Qd8+ 38.Kh3 Qd7+ 39.Kh2 Qd4 40.Kh3 Qd7+ 41.Kh2  1/2-1/2

[Event "Sochi"]
[Site "Sochi"]
[Date "1993.??.??"]
[Round "?"]
[White "Tregubov, Pavel V"]
[Black "Ryskin, Alexander"]
[Result "1/2-1/2"]
[WhiteElo "2475"]
[BlackElo "2515"]

1.d4 Nf6 2.Nf3 g6 3.c4 Bg7 4.g3 O-O 5.Bg2 d6 6.O-O Nbd7 7.Nc3 e5 8.e4 exd4
9.Nxd4 Re8 10.h3 Nc5 11.Re1 Bd7 12.Rb1 Qc8 13.g4 h5 14.f3 a6 15.Be3 hxg4
16.hxg4 Nh7 17.Qd2 Qd8 18.Nde2 Be6 19.b3 Nd7 20.Nd4 Nhf8 21.Nd5 Rc8 22.Rbd1 Qh4
23.Bg5 Bxd4+ 24.Kf1 Qh8 25.Qxd4 Qxd4 26.Rxd4 Kg7 27.Bc1 f6 28.g5 fxg5 29.Bxg5 Nh7
30.Bc1 g5 31.Bb2 Kf7 32.Rd2 Nhf8 33.f4 c6 34.f5 Bxd5 35.exd5 Rxe1+ 36.Kxe1 Re8+
37.Re2 Rxe2+ 38.Kxe2 c5 39.Kf2 Nh7 40.Kg3 b6 41.Bf3 Ndf6 42.Bc3 a5 43.Bb2  1/2-1/2

[Event "St Martin op"]
[Site "St Martin"]
[Date "1993.??.??"]
[Round "7"]
[White "Vucic, Mladen"]
[Black "Zapata, Alonso"]
[Result "1/2-1/2"]
[WhiteElo "2385"]
[BlackElo "2580"]

1.d4 Nf6 2.Nf3 g6 3.c4 Bg7 4.g3 d6 5.Bg2 O-O 6.O-O Nc6 7.d5 Na5 8.Nfd2 c5
9.a3 Qc7 10.Qc2 Nd7 11.Ra2 Ne5 12.h3 a6 13.f4 Nd7 14.b3 b5 15.Bb2 Bxb2 16.Rxb2 bxc4
17.bxc4 Nb6 18.f5 Bxf5 19.Rxf5 gxf5 20.Qxf5 f6 21.Be4 Rf7 22.Bd3 Nd7 23.Nf3 Ne5
24.Nxe5 fxe5 25.Qe6 Rf8 26.Nd2 Nb7 27.Nf3 Nd8 28.Qh6 e6 29.dxe6 Rf6 30.Bxh7+ Qxh7
31.Qxh7+ Kxh7 32.e7 Re8 33.exd8=Q Rxd8 34.Ng5+ Kg8 35.Ne4 Rh6 36.h4 d5 37.Rd2 d4
38.Rb2 Rg6 39.Kg2 Rf8 40.Rb7 Rf4 41.h5 Rxe4 42.hxg6 Rxe2+ 43.Kh3 d3 44.Rd7 Re3
45.a4 a5 46.Kg2 e4 47.Kh3 Rf3 48.Kg4 Rf1 49.Kg5 e3 50.Rd8+ Kg7 51.Rd7+ Kg8
52.Rd8+ Kg7 53.Rd7+  1/2-1/2

[Event "St Petersburg op"]
[Site "St Petersburg"]
[Date "1993.??.??"]
[Round "?"]
[White "Ionov, Sergey"]
[Black "Petrushin, Alexander I"]
[Result "1-0"]
[WhiteElo "2495"]
[BlackElo "2410"]

1.d4 Nf6 2.Nf3 g6 3.c4 Bg7 4.g3 O-O 5.Bg2 d6 6.O-O Nbd7 7.Nc3 e5 8.e4 exd4
9.Nxd4 Re8 10.h3 Nc5 11.Re1 a5 12.Bf4 Nfd7 13.Be3 Ne5 14.Qe2 c6 15.Rad1 Qb6
16.f4 Ned7 17.Nb3 Qb4 18.Nxc5 Nxc5 19.e5 Be6 20.Rxd6 Bxc4 21.Qd2 Nd3 22.Rxd3 Bxd3
23.Qxd3 Rad8 24.Qe2 f6 25.Ne4 fxe5 26.Bc5 Qb5 27.Qxb5 cxb5 28.Nd6  1-0

[Event "Rilton Cup op9394"]
[Site "Stockholm"]
[Date "1993.??.??"]
[Round "2"]
[White "Engqvist, Thomas"]
[Black "Ryskin, Alexander"]
[Result "1-0"]
[WhiteElo "2420"]
[BlackElo "2515"]

1.d4 Nf6 2.Nf3 g6 3.c4 Bg7 4.g3 O-O 5.Bg2 d6 6.O-O Nbd7 7.Qc2 e5 8.Rd1 exd4
9.Nxd4 Re8 10.Nc3 a6 11.b3 Rb8 12.Bb2 c6 13.Rd2 Qe7 14.Rad1 Bh6 15.e3 Ne5
16.h3 Nh5 17.Kh2 f5 18.f4 Nf7 19.Re2 Qf8 20.Rde1 Bg7 21.Qd2 Nf6 22.e4 fxe4
23.Bxe4 Bd7 24.g4 Nxe4 25.Nxe4 d5 26.cxd5 cxd5 27.Ng3 Qd6 28.Rxe8+ Rxe8 29.Rxe8+ Bxe8
30.Ndf5 gxf5 31.Nxf5 Qc5 32.Nxg7 Bd7 33.Nh5 Kf8 34.Nf6 Bc6 35.Nxh7+ Ke7 36.Nf6 Nd6
37.Bd4 Qb5 38.Qe3+ Ne4 39.h4 Qf1 40.h5 Kf7 41.Nxe4 dxe4 42.g5 Qd1 43.h6 Qg4
44.a4 Kg6 45.Qg3 Qh5+ 46.Qh3 Qe2+ 47.Qg2 Qh5+ 48.Kg3 Kf7 49.Be3 Qd1 50.f5 Qxb3
51.g6+ Kf8 52.Kf4 Qd5 53.g7+ Kg8 54.Qg6  1-0

[Event "Stribrna Skalice"]
[Site "Stribrna Skalice"]
[Date "1993.??.??"]
[Round "1"]
[White "Konopka, Michal"]
[Black "Wolter, Kai"]
[Result "1-0"]
[WhiteElo "2380"]
[BlackElo "2250"]

1.Nf3 Nf6 2.c4 g6 3.d4 Bg7 4.g3 O-O 5.Bg2 d6 6.O-O Nc6 7.Nc3 a6 8.b3 Rb8
9.Nd5 b5 10.Nxf6+ Bxf6 11.cxb5 axb5 12.Bb2 b4 13.Qc2 Na7 14.e4 Nb5 15.e5 Bg7
16.Qc4 Na7 17.d5 Rb7 18.Rfe1 Bd7 19.exd6 exd6 20.Bxg7 Kxg7 21.Nd4 Qf6 22.Rad1 Rd8
23.Re4 Nb5 24.Qxb4 Nxd4 25.Qxd4 Qxd4 26.Rdxd4 Ra8 27.Re7 Bf5 28.g4 Kf8 29.Re2 Bd7
30.h3 Rba7 31.a4 Rb8 32.Re3 Rab7 33.Rdd3 h6 34.Rc3 f5 35.gxf5 gxf5 36.Bf1 Kf7
37.f4 Kf6 38.Bc4 Rg8+ 39.Kf2 Rg7 40.Rg3 c5 41.dxc6 Bxc6 42.Rxg7 Rxg7 43.Bf1 Ba8
44.b4 Re7 45.a5 d5 46.Rc8 Re4 47.Rxa8 Rxf4+ 48.Ke1 Rxb4 49.a6 Rb1+ 50.Kf2 Ra1
51.a7  1-0

[Event "Stribrna Skalice"]
[Site "Stribrna Skalice"]
[Date "1993.??.??"]
[Round "3"]
[White "Mozny, Milos"]
[Black "Wolter, Kai"]
[Result "1-0"]
[WhiteElo "2410"]
[BlackElo "2250"]

1.d4 Nf6 2.Nf3 g6 3.c4 Bg7 4.g3 O-O 5.Bg2 d6 6.O-O Nc6 7.Nc3 a6 8.h3 Rb8
9.Be3 Bd7 10.Rc1 b5 11.cxb5 axb5 12.d5 Na5 13.b3 c5 14.dxc6 Nxc6 15.Nd4 Nxd4
16.Bxd4 Be6 17.Qd2 Qd7 18.Kh2 Rfc8 19.Rfd1 b4 20.Na4 Qb5 21.Kg1 Nd7 22.Ba7 Rxc1
23.Rxc1 Rf8 24.Rc7 Qa5 25.Rb7 Bc3 26.Qe3 Bf6 27.Bd4 Qf5 28.Bxf6 Nxf6 29.Qd2 Rc8
30.Rxb4 Rc2 31.Qh6 Rxe2 32.Rb8+ Bc8 33.Qf4 Kg7 34.Nc3 Re1+ 35.Kh2 Qc5 36.Qd2 Re5
37.Rb5 Qc7 38.Rxe5 dxe5 39.b4 Qc4 40.b5 Qb4 41.Qe3 Nd7 42.Bc6 f6 43.a4 h5
44.h4 Qa5 45.Nd5 Qxa4 46.Nxe7 Nb8 47.Nxc8 Nxc6 48.bxc6 Qxc6 49.Qa7+ Kh8 50.Ne7 Qe8
51.Nd5 Qe6 52.Qb8+ Kg7 53.Qc7+ Kh8 54.Ne7 Qf7 55.Qd6 Kg7 56.Nd5 e4 57.Kg2  1-0

[Event "FRM-ch"]
[Site "Struga"]
[Date "1993.??.??"]
[Round "7"]
[White "Vasovski, Nikola"]
[Black "Gicev, Blagoja"]
[Result "0-1"]
[WhiteElo "2295"]
[BlackElo "2320"]

1.d4 Nf6 2.c4 g6 3.Nf3 Bg7 4.g3 O-O 5.Bg2 d6 6.O-O Nc6 7.Nc3 Bf5 8.Nh4 Bd7
9.b3 a6 10.Bb2 Rb8 11.Rc1 Na5 12.Qd2 b5 13.cxb5 axb5 14.Nd1 b4 15.Ne3 c6
16.Nc4 Nxc4 17.Rxc4 Qb6 18.Rfc1 Rfc8 19.Bf3 Qa6 20.Ra1 Rb5 21.Rxb4 Rxb4 22.Qxb4 g5
23.Ng2 g4 24.Bxg4 Bxg4 25.Nf4 Nd5 26.Nxd5 cxd5  0-1

[Event "EU-ch U18 Girls"]
[Site "Svitavy"]
[Date "1993.??.??"]
[Round "8"]
[White "Khurtsidze, Nino"]
[Black "Manakova, Maria"]
[Result "0-1"]
[WhiteElo "2275"]
[BlackElo "2185"]

1.d4 Nf6 2.Nf3 g6 3.g3 Bg7 4.c4 O-O 5.Bg2 d6 6.O-O c5 7.Nc3 Nc6 8.d5 Na5
9.Qd3 a6 10.Bd2 b5 11.cxb5 axb5 12.Qxb5 Ba6 13.Qa4 Nc4 14.Qc2 Nb6 15.Rfd1 Nbxd5
16.Nxd5 Nxd5 17.Ne1 e6 18.e4 Ne7 19.Bf4 Bd4 20.e5 Rb8 21.Rab1 dxe5 22.Bxe5 Rb4
23.a3 Rc4 24.Qb3 f6 25.Bf4 Qd7 26.Nf3 Ra4 27.Rbc1 Nd5 28.Nxd4 Rxd4 29.Bxd5 Rxd5
30.Rxd5 exd5 31.Rxc5 Bc4 32.Qd1 Qe6 33.Be3 Rb8 34.b4 Qa6 35.Ra5 Qe6 36.Ra7 Rd8
37.Rc7 d4 38.Bh6 Rd7 39.Rc8+ Kf7 40.Rf8+ Ke7 41.Rh8 Qf7 42.Qe1+ Kd6 43.Rc8 Rb7
44.Qc1 Bd5 45.Qc5+ Ke6 46.Bf4 g5 47.Qd6+ Kf5 48.Bd2 Qe6 49.Qxe6+ Bxe6 50.Rc5+ Ke4
51.Kf1 Kd3 52.Be1 Bh3+ 53.Kg1 Re7 54.Rc1 Ra7 55.b5 Rxa3 56.f3 Rb3 57.Bf2 Kd2
58.Ra1 Kc3 59.Rd1 d3 60.b6 Kc2 61.Ra1 d2 62.Ra2+ Rb2  0-1

[Event "SWE-chT 9293"]
[Site "SWE"]
[Date "1993.??.??"]
[Round "8"]
[White "Helgason, Reynir"]
[Black "Larsson, Per"]
[Result "1/2-1/2"]
[WhiteElo "2335"]
[BlackElo "2355"]

1.d4 Nf6 2.Nf3 g6 3.c4 Bg7 4.g3 O-O 5.Bg2 d6 6.O-O c6 7.Nc3 Qa5 8.e4 Qh5
9.Re1 e5 10.dxe5 dxe5 11.Qc2 Na6 12.b3 Re8 13.Ba3 Bf8 14.Bxf8 Kxf8 15.Na4 Bg4
16.Qc3 Rad8 17.b4 Nc7 18.Nb2 Ng8 19.Rad1 f6 20.Rxd8 Rxd8 21.Rd1 Rxd1+ 22.Nxd1 Nh6
23.Nb2 Nf7 24.Nd2 Ne6 25.f3 Bh3 26.Nb3 Nfg5 27.Qe3 Bxg2 28.Kxg2 Qh3+ 29.Kg1 Qh5
30.Kg2 Qh3+ 31.Kg1 Qh5  1/2-1/2

[Event "SWZ-ch"]
[Site "?"]
[Date "1993.??.??"]
[Round "?"]
[White "Almada, Enrique"]
[Black "Nemet, Ivan"]
[Result "0-1"]
[WhiteElo "2345"]
[BlackElo "2410"]

1.d4 Nf6 2.c4 g6 3.Nf3 Bg7 4.g3 O-O 5.Bg2 d6 6.Nc3 c6 7.O-O Bf5 8.Re1 Ne4
9.Nxe4 Bxe4 10.Nh4 Bxg2 11.Nxg2 Qb6 12.e3 c5 13.d5 Nd7 14.Re2 Qa6 15.Rc2 b5
16.cxb5 Qxb5 17.e4 a5 18.Bg5 Rfe8 19.Ne1 a4 20.Rb1 e6 21.Bf4 exd5 22.Qxd5 Nf6
23.Qxd6 Nxe4 24.Qd3 Qa5 25.Nf3 Rad8 26.Qc4 a3 27.bxa3 Nc3 28.Rb7 Nd5 29.Qxc5 Nxf4
30.gxf4 Qa6 31.Ra7 Qe6 32.Qg5 Qe4 33.Rd2 Rxd2 34.Nxd2 Qe1+ 35.Nf1 Bd4  0-1

[Event "SWZ-chT"]
[Site "?"]
[Date "1993.??.??"]
[Round "?"]
[White "Robert, Antonin"]
[Black "Hug, Marcel"]
[Result "1/2-1/2"]
[WhiteElo "2240"]
[BlackElo "2235"]

1.d4 Nf6 2.Nf3 d6 3.c4 g6 4.g3 Bg7 5.Bg2 O-O 6.O-O c6 7.Nc3 Bf5 8.b3 Ne4
9.Bb2 Nxc3 10.Bxc3 Be4 11.Rc1 Nd7 12.Re1 Nf6 13.e3 e6 14.Bf1 c5 15.Qe2 b6
16.Red1 Qe7 17.Ne1 Rfd8 18.Bh3 h5 19.Bg2 Bxg2 20.Nxg2 Ne4 21.Bb2 a5 22.f3 Nf6
23.Bc3 a4 24.b4 d5 25.dxc5 bxc5 26.a3 dxc4 27.Qxc4 cxb4 28.Bxb4 Qa7 29.Qc5 Qb7
30.e4 Bf8 31.Qg5 Bxb4 32.axb4 Rxd1+ 33.Rxd1 Nh7 34.Rd8+ Rxd8 35.Qxd8+ Kg7
36.Qd4+ Kg8 37.Qd8+ Kg7 38.Qd4+ Kg8  1/2-1/2

[Event "SWZ-chT"]
[Site "?"]
[Date "1993.??.??"]
[Round "?"]
[White "Cvitan, Ognjen"]
[Black "Brunner, Lucas"]
[Result "1/2-1/2"]
[WhiteElo "2575"]
[BlackElo "2455"]

1.d4 Nf6 2.c4 g6 3.Nf3 Bg7 4.g3 O-O 5.Bg2 d6 6.O-O Nbd7 7.Nc3 e5 8.e4 c6
9.h3 Qb6 10.c5 dxc5 11.dxe5 Ne8 12.e6 fxe6 13.Ng5 Ne5 14.f4 c4+ 15.Kh2 Nd3
16.e5 Bh6 17.Nge4 Qb4 18.h4 b5 19.a4 a6 20.Qg4 Ra7 21.Ng5 Ng7 22.Nce4 Nf5
23.h5 Nxc1 24.Rfxc1 Qxb2 25.Qf3 Bxg5 26.Nxg5 gxh5 27.Rab1 Qd4 28.Qxh5 Rg7
29.Ne4 Nxg3 30.Nxg3 Rxf4 31.Qe8+ Rf8 32.Qh5 Rf4 33.Qe8+ Rf8 34.Qh5 Rf4  1/2-1/2

[Event "Toronto"]
[Site "Toronto"]
[Date "1993.??.??"]
[Round "5"]
[White "Livshits, Ron"]
[Black "Southam, Todd"]
[Result "1-0"]
[WhiteElo "2310"]
[BlackElo "2325"]

1.d4 Nf6 2.c4 g6 3.Nf3 Bg7 4.g3 O-O 5.Bg2 d6 6.O-O Nc6 7.Nc3 e5 8.d5 Ne7
9.e4 a6 10.Ne1 b5 11.cxb5 axb5 12.Nxb5 Ba6 13.Nc3 Bxf1 14.Bxf1 h5 15.Nf3 Nh7
16.Bh3 Kh8 17.a4 Ng8 18.Qc2 Qb8 19.Ra3 Bh6 20.Bxh6 Nxh6 21.Bd7 Qb4 22.Bc6 Ra7
23.Nb5 Ra5 24.Qd2 Rxa4 25.Qxh6 Kg8 26.Rxa4 Qxa4 27.Nxc7 Qb3 28.Kg2 Nf6 29.Ng5 Qxb2
30.h3  1-0

[Event "Velden op"]
[Site "Velden"]
[Date "1993.??.??"]
[Round "3"]
[White "Horvath, Jozsef"]
[Black "Mazi, Leon"]
[Result "1-0"]
[WhiteElo "2535"]
[BlackElo "2295"]

1.d4 Nf6 2.Nf3 g6 3.c4 Bg7 4.g3 O-O 5.Bg2 d6 6.Nc3 Nbd7 7.O-O e5 8.e4 exd4
9.Nxd4 Re8 10.h3 Nc5 11.Re1 c6 12.b4 Ncd7 13.Ba3 a5 14.b5 c5 15.Nc2 Nb6 16.Ne3 Be6
17.e5 Nh5 18.Bxb7 Bxe5 19.Bxa8 Bxc3 20.Bc6 Rf8 21.Rc1 Bxe1 22.Qxe1 Bxh3 23.Qxa5 Qg5
24.Kh2 Be6 25.Qxb6 Nxg3 26.fxg3 Qxe3 27.Qa5 Qe2+ 28.Kh1 d5 29.Qc3 Rd8 30.Re1 Qh5+
31.Kg1 dxc4 32.b6 Rd3 33.b7  1-0

[Event "Velden op"]
[Site "Velden"]
[Date "1993.??.??"]
[Round "7"]
[White "Horvath, Jozsef"]
[Black "Stanec, Nikolaus"]
[Result "1/2-1/2"]
[WhiteElo "2535"]
[BlackElo "2440"]

1.d4 Nf6 2.Nf3 g6 3.c4 Bg7 4.g3 O-O 5.Bg2 d6 6.Nc3 c6 7.O-O Qa5 8.e4 Qh5
9.e5 dxe5 10.Nxe5 Qxd1 11.Rxd1 Nbd7 12.Nf3 Nb6 13.b3 Bg4 14.Be3 Rad8 15.Rac1 e6
16.h3 Bxf3 17.Bxf3 Nfd7 18.Kg2 Nc8 19.d5 Ne5 20.Be2 exd5 21.cxd5 Rfe8 22.dxc6 Nxc6
23.Nd5 Bd4 24.Bxd4 Rxd5 25.Be3 Rxd1 26.Rxd1 Rd8 27.Rxd8+ Nxd8 28.Kf3 Kf8
29.Bc5+ Ke8 30.Bb5+ Nc6 31.Bxc6+ bxc6 32.Ke4 f6 33.f4 Kd7 34.f5 g5 35.g4 Nd6+
36.Bxd6 Kxd6 37.b4 Kd7 38.Kd4 Kd6 39.a3 Kd7 40.Kc5 Kc7 41.a4 Kd7 42.b5 cxb5
43.Kxb5 Kc7 44.Kc5 a6 45.Kd5 Kd7 46.Kc5 Kc7  1/2-1/2